Cómo se prepara y dirige una reunión
Сохранить в:
| Главный автор: | |
|---|---|
| Формат: | |
| Язык: | испанский |
| Опубликовано: |
Barcelona
Editorial Nova Terra
1968
|
| Редактирование: | 3a. ed |
| Предметы: | |
| Метки: |
Добавить метку
Нет меток, Требуется 1-ая метка записи!
|
MARC
| LEADER | 00000cam a2200000 a 4500 | ||
|---|---|---|---|
| 001 | UCD6991 | ||
| 003 | CL-VaPUC | ||
| 008 | 170303e19680900sp |||||||||||||||||spa|d | ||
| 082 | 0 | 4 | |a 302.3 |b COQ |2 21 |
| 100 | 0 | |a Coqueret, André |e author |9 590913 | |
| 245 | 1 | 0 | |a Cómo se prepara y dirige una reunión |
| 250 | |a 3a. ed | ||
| 300 | |a 67 p | ||
| 942 | |c BK | ||
| 945 | |d 20170303 17:35:00 |a arojas | ||
| 260 | |a Barcelona |b Editorial Nova Terra |c 1968 | ||
| 650 | 0 | |a Reuniones |9 310711 | |
| 650 | 0 | |a Dinámica de grupos |9 259862 | |
| 650 | 0 | |a Comunicación organizacional |9 312644 | |
| 650 | 0 | |a Debates |9 326232 | |
| 583 | |a last modification |c 20170303 17:35:00 |k Rodrigo Vera | ||
| 999 | |c 367163 |d 367161 | ||
| 952 | |0 0 |1 0 |3 erb |4 0 |6 302_300000000000000_COQ_1968 |7 0 |8 A |9 481855 |a BIBENE |b BIBENE |i 5329280 |o 302.3 COQ 1968 |p 5329280 |r 2025-01-15 |w 2019-11-24 |y BK |z Catalogado en:20170303 |k ICO | ||